00617nam a2200181Ia 4500008004100000020002200041041000800063082001900071100002100090245003200111260003200143300000900175500001700184650003000201700002800231999001700259952015900276220803s9999 xx 000 0 und d a978-81-8415-353-8 aeng a891.46 BRU/THA aBrunton P924433 aRahasyamay Bharatacha Shodh aPunebWow Publicationc2013 a368p aArchitecture aMarathi Literature924434 aThakkar P Trans.924435 c15422d15422 00104070aBNCAbBNCAd2014-02-04eTechnical Book Servicesg251.00l0o891.46 BRU/THApBNCA-BK-8760r2022-08-03 00:00:00v295.00w2014-01-31yBKzB008760